Divadelná hra Kapitál: „Indignez-vous!“ na slovenskú nôtu

Stručná analýza a opis divadelnej hry „Kapitál“.

Salvato in:
Dettagli Bibliografici
Autore principale: Augustín, Michael, 1991-
Natura: Capitolo di libro
Lingua:slovacco
Soggetti:
Tags: Aggiungi Tag
Nessun Tag, puoi essere il primo ad aggiungerne!!

MARC

LEADER 00000naa a2200000 4500
001 0273170
005 20240502074315.0
041 0 |a slo 
044 |a SK 
245 1 0 |a Divadelná hra Kapitál: „Indignez-vous!“ na slovenskú nôtu  |c Michael Augustín 
520 |a Stručná analýza a opis divadelnej hry „Kapitál“. 
610 2 0 |a politika 
610 2 0 |a kultúra 
610 2 0 |a kapitalizmus 
610 2 0 |a demokracia 
100 1 |a Augustín, Michael, 1991-